[Event "BRA-ch U14 Girls"]
[Site "Florianopolis"]
[Date "2019.04.21"]
[Round "5"]
[White "Fertunani, Kedma Caroline Riss"]
[Black "Gomes, Yasmim da Silva"]
[Result "1/2-1/2"]
[WhiteElo "1800"]
[BlackElo "1219"]
[PlyCount "68"]
[EventDate "2019.04.18"]
[EventType "swiss"]
[EventRounds "6"]
[EventCountry "BRA"]
[SourceTitle "CBM 190 Extra"]
[Source "ChessBase"]
[SourceDate "2019.07.15"]
[SourceVersion "1"]
[SourceVersionDate "2019.07.15"]
[SourceQuality "1"]

1. e4 c5 2. Nf3 Nc6 3. Bc4 h6 4. 0-0 a6 5. Nc3 d6 6. d3 e6 7. Bf4 e5 8. Be3 Qe7 9. Nd5 Qd8 10. c3 Nf6 11. Nxf6+ Qxf6 12. d4 cxd4 13. cxd4 Nxd4 14. Nxd4 exd4 15. Bxd4 Qd8 16. Qe2 Qe7 17. Rad1 Be6 18. Rd2 f6 19. Bxe6 Qxe6 20. Rfd1 Rc8 21. Rc2 Be7 22. b3 0-0 23. Rdc1 Rfe8 24. Re1 Bf8 25. f4 g6 26. e5 Bg7 27. Rxc8 Rxc8 28. Bb2 Rc5 29. exf6 Qxe2 30. Rxe2 Bf8 31. Re8 Kf7 32. Rb8 Rc7 33. Rd8 b6 34. Ba3 Rc6 1/2-1/2